[Event "Mittelrhein Verbandsliga Ost 1415"]
[Site "Mittelrhein"]
[Date "2015.03.15"]
[Round "9.3"]
[White "Schneider, Gerd"]
[Black "Lytchak, Boris"]
[Result "0-1"]
[WhiteElo "2014"]
[BlackElo "2083"]
[PlyCount "79"]
[EventDate "2014.09.07"]
[EventType "team-tourn"]
[EventRounds "11"]
[EventCountry "GER"]
[SourceTitle "EXT 2023"]
[Source "ChessBase"]
[SourceDate "2022.10.05"]
[SourceVersion "1"]
[SourceVersionDate "2022.10.05"]
[SourceQuality "1"]
[WhiteTeam "Niederkassel II"]
[BlackTeam "Koeln Porz III"]
[WhiteTeamCountry "GER"]
[BlackTeamCountry "GER"]

1. d4 Nf6 2. c4 g6 3. Nc3 d5 4. cxd5 Nxd5 5. Bd2 Bg7 6. e3 0-0 7. Nf3 c6 8. Rc1 Nb6 9. Be2 N8d7 10. 0-0 e5 11. a4 exd4 12. exd4 Nf6 13. Bg5 Qd6 14. Qd2 Nbd5 15. Nxd5 Nxd5 16. Bh6 Bg4 17. Bxg7 Kxg7 18. Qg5 Qf4 19. Qxf4 Nxf4 20. Bd1 Rad8 21. Rc4 Rd6 22. d5 Bxf3 23. Bxf3 Nxd5 24. Rd4 Rfd8 25. Rfd1 a5 26. h4 Kf8 27. g3 Ke7 28. h5 Nf6 29. Re1+ Re6 30. Rxe6+ fxe6 31. Rxd8 Kxd8 32. hxg6 hxg6 33. Be2 g5 34. Kg2 e5 35. Kf3 Kc7 36. Ke3 Kb6 37. f4 gxf4+ 38. gxf4 Nd5+ 39. Ke4 exf4 40. Bd1 0-1

[Event "Mittelrhein Verbandsliga Ost 1314"]
[Site "Mittelrhein"]
[Date "2014.02.09"]
[Round "7.4"]
[White "Schneider, Gerd"]
[Black "Herzwurm, Robert"]
[Result "1/2-1/2"]
[WhiteElo "2019"]
[BlackElo "2034"]
[PlyCount "49"]
[EventDate "2013.09.15"]
[EventType "team-tourn"]
[EventRounds "11"]
[EventCountry "GER"]
[SourceTitle "EXT 2023"]
[Source "ChessBase"]
[SourceDate "2022.10.05"]
[SourceVersion "1"]
[SourceVersionDate "2022.10.05"]
[SourceQuality "1"]
[WhiteTeam "Niederkassel II"]
[BlackTeam "Euskirchen Turm"]
[WhiteTeamCountry "GER"]
[BlackTeamCountry "GER"]

1. Nf3 d5 2. d4 Nc6 3. c4 Bg4 4. e3 e6 5. Nc3 Nf6 6. Be2 dxc4 7. Qa4 Qd7 8. Qxc4 Bd6 9. 0-0 a6 10. a4 0-0 11. Rd1 Rfd8 12. e4 Bxf3 13. Bxf3 Nxd4 14. Rxd4 Bxh2+ 15. Kxh2 Qxd4 16. Qxd4 Rxd4 17. Be3 Rb4 18. Rb1 Rd8 19. g3 b6 20. e5 Nd5 21. Nxd5 exd5 22. b3 c5 23. Bd2 Rd4 24. Be3 Rb4 25. Bd2 1/2-1/2

[Event "Verbandsliga Mittelrhein-Ost 1213"]
[Site "Germany"]
[Date "2012.10.21"]
[Round "3.4"]
[White "Schneider, Gerd"]
[Black "Nagel, Thorsten"]
[Result "1/2-1/2"]
[WhiteElo "2011"]
[BlackElo "2024"]
[PlyCount "80"]
[EventDate "2012.09.09"]
[EventType "team"]
[EventRounds "11"]
[EventCountry "GER"]
[SourceTitle "EXT 2015"]
[Source "ChessBase"]
[SourceDate "2014.11.20"]
[SourceVersion "1"]
[SourceVersionDate "2014.11.20"]
[SourceQuality "1"]
[WhiteTeam "Niederkassel II"]
[BlackTeam "Rheinbacher SF"]
[WhiteTeamCountry "GER"]
[BlackTeamCountry "GER"]

1. Nf3 Nf6 2. d4 e6 3. c4 Bb4+ 4. Nc3 b6 5. Qc2 Bb7 6. a3 Bxc3+ 7. Qxc3 Ne4 8. Qc2 0-0 9. h4 d5 10. Bf4 c6 11. e3 Qe7 12. Bd3 c5 13. dxc5 bxc5 14. 0-0-0 f5 15. Ne5 Nc6 16. f3 Nf6 17. Kb1 Rad8 18. h5 d4 19. Nxc6 Bxc6 20. exd4 cxd4 21. Rhe1 Nd7 22. b4 Qf6 23. Qe2 Rfe8 24. Be5 Nxe5 25. Qxe5 Qxe5 26. Rxe5 Kf7 27. b5 Ba8 28. a4 Kf6 29. Rde1 g5 30. Kc2 g4 31. fxg4 fxg4 32. Bxh7 Bxg2 33. Bg6 Re7 34. Kd3 g3 35. Rc5 e5 36. Be4 Bxe4+ 37. Kxe4 Kg5 38. Rg1 Kg4 39. Rc6 Rg8 40. h6 Rf7 1/2-1/2

[Event "Mittelrhein-chT 1112"]
[Site "Germany"]
[Date "2012.05.20"]
[Round "13.6"]
[White "Hess, Dennis"]
[Black "Schneider, Gerd"]
[Result "0-1"]
[WhiteElo "1972"]
[BlackElo "2034"]
[PlyCount "54"]
[EventDate "2011.09.11"]
[EventType "team-tourn"]
[EventRounds "13"]
[EventCountry "GER"]
[SourceTitle "EXT 2013"]
[Source "ChessBase"]
[SourceDate "2012.11.22"]
[SourceVersion "1"]
[SourceVersionDate "2012.11.22"]
[SourceQuality "1"]
[WhiteTeam "Langenfeld II"]
[BlackTeam "Niederkassel"]
[WhiteTeamCountry "GER"]
[BlackTeamCountry "GER"]

1. d4 Nf6 2. c4 g6 3. f3 d6 4. e4 Bg7 5. Nc3 0-0 6. Be3 c6 7. Bd3 Na6 8. a3 Nc7 9. Nge2 b6 10. Qd2 Re8 11. g4 e5 12. d5 cxd5 13. exd5 e4 14. Nxe4 Nxe4 15. Bxe4 Bxg4 16. Ng3 Bh3 17. Kf2 f5 18. Bc2 Qh4 19. Rad1 Rxe3 20. Qxe3 f4 21. Qd3 Be5 22. Rdg1 Bd4+ 23. Ke2 Bxg1 24. Rxg1 fxg3 25. hxg3 Qe7+ 26. Kd2 Bf5 27. Qd4 Bxc2 0-1

[Event "Mittelrhein-chT 1112"]
[Site "Germany"]
[Date "2012.05.06"]
[Round "12.5"]
[White "Schiffers, Sascha"]
[Black "Schneider, Gerd"]
[Result "1/2-1/2"]
[WhiteElo "2008"]
[BlackElo "2034"]
[PlyCount "86"]
[EventDate "2011.09.11"]
[EventType "team-tourn"]
[EventRounds "13"]
[EventCountry "GER"]
[SourceTitle "EXT 2013"]
[Source "ChessBase"]
[SourceDate "2012.11.22"]
[SourceVersion "1"]
[SourceVersionDate "2012.11.22"]
[SourceQuality "1"]
[WhiteTeam "Aachen Hoern"]
[BlackTeam "Niederkassel"]
[WhiteTeamCountry "GER"]
[BlackTeamCountry "GER"]

1. e4 c6 2. d4 d5 3. Nc3 dxe4 4. Nxe4 Bf5 5. Ng3 Bg6 6. N1e2 h6 7. Nf4 Bh7 8. Bc4 e6 9. 0-0 Nf6 10. Re1 Be7 11. Bxe6 fxe6 12. Nxe6 Qd7 13. Bf4 Na6 14. Nxg7+ Kf7 15. N7h5 Bg6 16. Be5 Nxh5 17. Nxh5 Rh7 18. Qf3+ Qf5 19. Qb3+ Kf8 20. Nf4 Bf7 21. Qxb7 Qc8 22. Qxc8+ Rxc8 23. Re3 Nb4 24. Rf3 Kg8 25. c3 Nd5 26. Rg3+ Kf8 27. Re1 Nxf4 28. Bxf4 h5 29. b3 h4 30. Rge3 Bf6 31. Bd6+ Kg8 32. Rf3 Bg5 33. c4 a5 34. Re5 Bd8 35. Be7 Bxe7 36. Rxe7 Re8 37. Rxe8+ Bxe8 38. Rf5 Re7 39. f3 a4 40. Re5 Rxe5 41. dxe5 axb3 42. axb3 c5 43. Kf2 Bg6 1/2-1/2

[Event "Regionalliga Mittelrhein 1011"]
[Site "Germany"]
[Date "2011.01.16"]
[Round "4.5"]
[White "Schneider, Gerd"]
[Black "Biedekoepper, Robert"]
[Result "1/2-1/2"]
[WhiteElo "2024"]
[BlackElo "2031"]
[PlyCount "41"]
[EventDate "2010.10.24"]
[EventType "team"]
[EventRounds "9"]
[EventCountry "GER"]
[SourceTitle "EXT 2015"]
[Source "ChessBase"]
[SourceDate "2014.11.20"]
[SourceVersion "1"]
[SourceVersionDate "2014.11.20"]
[SourceQuality "1"]
[WhiteTeam "Niederkassel"]
[BlackTeam "Godesberg III"]
[WhiteTeamCountry "GER"]
[BlackTeamCountry "GER"]

1. d4 Nf6 2. c4 e6 3. Nf3 b6 4. g3 Ba6 5. Nbd2 d5 6. Bg2 Be7 7. 0-0 0-0 8. b3 c5 9. Bb2 Nc6 10. e3 Rc8 11. dxc5 bxc5 12. Re1 Qb6 13. cxd5 exd5 14. a3 Rfd8 15. Qc2 Ne4 16. Bf1 Bxf1 17. Rxf1 Nxd2 18. Nxd2 Na5 19. Rab1 Bf6 20. Bxf6 Qxf6 21. Rfc1 1/2-1/2